| 000 | 00976nam a2200181Ia 4500 | ||
|---|---|---|---|
| 999 |
_c39245 _d39245 |
||
| 001 | 5831 | ||
| 003 | GE_BSU | ||
| 005 | 20190628141717.0 | ||
| 008 | 181216s1981||||ge |||||||||||||| ||geo|| | ||
| 080 | _a681.2(075.8) ტ-68 | ||
| 100 |
_aტომარაძე, ო. _91721 |
||
| 245 |
_aსაკურსო გეგმარება ციფრულ საზომ ხელსაწყოებში და გარდამსახებში : დამხმ.სახელმძღვ. / _cო. ტომარაძე ; რედ : მ.ძიძიგური. |
||
| 264 |
_aთბილისი : _bსპი, _c1981. |
||
| 300 |
_a84 გვ .: _c20 სმ. |
||
| 653 | _aსაკურსო გეგმარება ციფრულ საზომ ხელსაწყოებში და გარდამსახებში | ||
| 700 |
_aძიძიგური, მ _eრედაქტორი _9472 |
||
| 942 |
_cBK _2udc |
||